[Event "Marianske Lazne op 12th"]
[Site "Marianske Lazne"]
[Date "2013.01.25"]
[Round "8"]
[White "Priya, VSS"]
[Black "Ivanovic, Miroslav"]
[Result "0-1"]
[WhiteElo "1817"]
[BlackElo "2088"]
[PlyCount "44"]
[EventDate "2013.01.19"]
[EventType "swiss"]
[EventRounds "9"]
[EventCountry "CZE"]
[SourceTitle "CBM 152 Extra"]
[Source "ChessBase"]
[SourceDate "2013.02.25"]
[SourceVersion "1"]
[SourceVersionDate "2013.02.25"]
[SourceQuality "1"]

1. d4 Nf6 2. Bg5 e6 3. e4 h6 4. Bxf6 Qxf6 5. Nc3 d6 6. Qd2 a6 7. f4 g5 8. f5 Bg7 9. fxe6 fxe6 10. 0-0-0 Nc6 11. Nge2 Bd7 12. Qe3 b5 13. g3 b4 14. Nb1 0-0 15. Bh3 Qf3 16. Qxf3 Rxf3 17. d5 Nd8 18. Rd3 Rf2 19. Rd2 h5 20. Ng1 Rf7 21. Bg2 g4 22. Rd1 Rf2 0-1

[Event "IND-chB (Women) 38th"]
[Site "Chennai"]
[Date "2011.07.10"]
[Round "11"]
[White "Sathya, Priya SV"]
[Black "Priya, VSS"]
[Result "1-0"]
[WhiteElo "1842"]
[BlackElo "1707"]
[PlyCount "111"]
[EventDate "2011.07.02"]
[EventType "swiss"]
[EventRounds "11"]
[EventCountry "IND"]
[SourceTitle "CBM 143 Extra"]
[Source "ChessBase"]
[SourceDate "2011.08.29"]
[SourceVersion "1"]
[SourceVersionDate "2011.08.29"]
[SourceQuality "1"]

1. d4 g6 2. c4 Bg7 3. Nc3 d6 4. e4 e5 5. d5 f5 6. exf5 gxf5 7. Qh5+ Kf8 8. Qd1 Nf6 9. Bd3 Qe8 10. Nge2 Kf7 11. Ng3 e4 12. Bc2 Rf8 13. 0-0 Kg8 14. f3 Nh5 15. Nxh5 Qxh5 16. fxe4 Qxd1 17. Nxd1 fxe4 18. Rxf8+ Bxf8 19. Bxe4 Bg7 20. Bd2 Bg4 21. Nc3 Na6 22. h3 Bd7 23. g4 Nc5 24. Bc2 Bd4+ 25. Kg2 Re8 26. Re1 Rf8 27. Re2 a5 28. b3 Rf7 29. Ne4 Nxe4 30. Bxe4 b6 31. Be3 Bg7 32. Bg5 Bd4 33. Bf3 Be5 34. Bh4 Rg7 35. Bg3 Bf6 36. Re4 Kf7 37. Bf2 Kg8 38. Bg3 Kf7 39. Rf4 Ke7 40. Re4+ Kf7 41. Rf4 Ke7 42. Be4 Be8 43. Rf3 h6 44. Bf4 Bg5 45. Bf5 Bf7 46. Kg3 h5 47. Bxg5+ Rxg5 48. Kh4 hxg4 49. hxg4 Rg8 50. Kg3 Rg7 51. Kf4 Kf6 52. Rh3 Ke7 53. g5 Be8 54. Rh6 Bf7 55. g6 Be8 56. Kg5 1-0

[Event "IND-ch U15 Girls"]
[Site "New Delhi"]
[Date "2010.09.05"]
[Round "2"]
[White "Priya, VSS"]
[Black "Anjana Krishna, Sreela"]
[Result "1/2-1/2"]
[WhiteElo "1664"]
[BlackElo "1894"]
[PlyCount "61"]
[EventDate "2010.09.04"]
[EventType "swiss"]
[EventRounds "11"]
[EventCountry "IND"]
[SourceTitle "CBM 138 Extra"]
[Source "ChessBase"]
[SourceDate "2010.10.29"]
[SourceVersion "1"]
[SourceVersionDate "2010.10.29"]
[SourceQuality "1"]

1. d4 d5 2. Nf3 Nf6 3. Bf4 e6 4. e3 c5 5. c3 Be7 6. h3 0-0 7. Nbd2 Nc6 8. Bd3 b6 9. 0-0 Bb7 10. Ne5 h6 11. Bg3 Nxe5 12. dxe5 Nd7 13. f4 c4 14. Bc2 g6 15. Qe2 Qc8 16. Bf2 Nc5 17. e4 b5 18. f5 Nxe4 19. Nxe4 dxe4 20. f6 Bc5 21. Bxe4 Bxe4 22. Qxe4 Rd8 23. Rad1 Qc7 24. Rfe1 Rac8 25. Kf1 Bb6 26. Be3 Bxe3 27. Qxe3 Kh7 28. Qf4 Rd3 29. Rxd3 cxd3 30. Re4 Rd8 31. Rd4 1/2-1/2

[Event "IND-ch U15"]
[Site "Mumbai"]
[Date "2009.11.01"]
[Round "1"]
[White "Pujari, Rucha"]
[Black "Priya, VSS"]
[Result "1-0"]
[WhiteElo "2060"]
[BlackElo "1605"]
[PlyCount "41"]
[EventDate "2009.11.01"]
[EventType "swiss"]
[EventRounds "11"]
[EventCountry "IND"]
[SourceTitle "EXT 2011"]
[Source "ChessBase"]
[SourceDate "2010.11.26"]
[SourceVersion "1"]
[SourceVersionDate "2010.11.26"]
[SourceQuality "1"]

1. e4 Nc6 2. Nf3 d6 3. d4 Nf6 4. c3 Bg4 5. Bd3 e6 6. Be3 Be7 7. Nbd2 Qd7 8. Qc2 Bh5 9. 0-0-0 Ng4 10. d5 Nce5 11. Be2 Nxe3 12. fxe3 Nxf3 13. gxf3 Bf6 14. Qb3 0-0 15. Rhg1 exd5 16. Qxd5 Bg6 17. f4 h6 18. Rxg6 Kh7 19. Rg2 c6 20. Qd3 Kh8 21. e5 1-0